004910000a220010900045001000034000002450103000342600025001373000012001625000058001745200144002320010005003761 aMartínez Jaramillo, Rodrigo10aConflictos que destruyen la felicidad conyugal y como solucionarlos / Rodrigo Martínez Jaramillo aMedellín, Colombia a144 Pag aTesis (licenciatura)--Seminario Bíblico de Colombia a- ¿Qué son los conflictos? - Orígen de los conflictos - Clases de conflictos - Etapas de los conflictos - Solución a los conflictos3654